000 00365nam a2200169Ia 4500
003 0STCL
008 150530s9999 xx 000 0 und d
040 _aSTCL
_cSTCL
100 _aCampbell Johnson, A.
245 _aSir Anthony Eden
250 _aFirst
260 _c1955
546 _aEnglish
942 _2ddc
_cBK
999 _c69115
_d69115
005 20220125171412.0